000 00280nam a22001337a 4500
020 _a0-72143676-5
082 _a823
_bDIS/A
100 _aDISNEY, WALT
245 _aALICE IN WODERLAND
260 _aUK
_bLADYBIRD
300 _a43
650 _aENGLISH SHORT STORY
_zUK
942 _cBK
999 _c3776
_d3776